| 000 | 00605nam a2200241Ia 4500 | ||
|---|---|---|---|
| 001 | 18470 | ||
| 003 | GE_BSU | ||
| 008 | 181216s||||||||xx |||||||||||||| ||und|| | ||
| 020 | _a9780800721121 | ||
| 040 | _cGE_BSU | ||
| 080 | _a336 | ||
| 100 | _aHunt,Mary | ||
| 245 | _a7 Money Rules for Life | ||
| 245 | _bHow to Take control of Your Financial Future | ||
| 260 | _aMichigan | ||
| 260 | _bRevell | ||
| 260 | _c2012 | ||
| 300 | _a200 p. 23cm. | ||
| 653 | _a7 Money Rules for Life | ||
| 653 | _aHow to Take control of Your Financial Future | ||
| 653 | _aფინანსები | ||
| 942 | _cBK | ||
| 999 |
_c51484 _d51484 |
||